000
00308nam a2200121Ia 4500
008
190216s9999||||xx |||||||||||||| ||und||
100
_a
Eric E Conn & Stumpf P K
245
0
_a
Outlines Of Biochemistry
260
_b
Wiley Eastern Ltd
_c
1975
300
_a
629p
650
_a
Chemistry-Chemistry
942
_c
BK
999
_c
2797
_d
2797